000 00686nam a2200229 i 4500
001 24056
003 ES-MaACL
005 20250807081256.0
007 t|
008 021213s1967 sp |||| | spa d
080 _a173.1
245 0 0 _aAmor y familia
_b: matrimonio y hogar /
_cJ. Leclerq... [et al.] ; [tradujo Alfonso Ortíz García].
246 3 0 _aMatrimonio y hogar
260 _aSalamanca :
_bSígueme,
_c1967.
300 _a267 p. ;
_c19 cm.
650 4 _aFamilias.
_9153905
650 0 7 _aMatrimonio
_2embne
_914855
700 1 _aLeclercq, Jacques.
_971094
700 1 _aOrtiz García, Alfonso.
_987618
852 _aES-MaACL
_jC-31689
999 _c24056
_d24056